000 00261nam a22001217a 4500
008 170401b xxu||||| |||| 00| 0 eng d
041 _aalb
080 _a617
100 _a8
101 _aSHM
245 _aOKULTISTIKA KLINIKE
_cZHUGLI, S
942 _2udc
_cBK
999 _c9366
_d9366